02213cam a22005174i 4500003000900000005001700009008004100026020001500067020001800082035002000100040004800120049000900168082002100177100002800198245012600226264002800352300005600380336002100436337002500457338002300482490004300505504003900548504003300587505040300620526001001023526001001033526001001043526001001053526000801063526000801071526000801079526000801087526000801095526000801103526000801111630004201119650006101161650002701222910002801249942001401277994001401291596000601305999015701311980005501468952017201523PE-LiUPU20250731173114.0190313s2018 ne a rb 001 0 eng d a9004358412 a9789004358416 a(Sirsi) a251950 aPE-LiUPUbspacPE-LiUPUerdadPE-LiUPUerda aPRUA04a227.066bV282231 aVan Nes, Jermo,eautor.10aPauline language and the Pastoral Epistles :ba study of linguistic variation in the Corpus Paulinum /cby Jermo van Nes. 1aLeiden :bBrill,c2018. a532 páginas :bilustraciones ;c23 centímetros. atext2rdacontent aunmediated2rdamedia avolume2rdacarrier0 aLinguistic biblical studies ;vVol. 16 aBibliografía: páginas 480-518. aÍndice: páginas 519-532.0 aThe linguistic problem of the pastoral epistles -- Origins of the problem: Founding figures -- Constituents of the problem: Linguistic peculiarities -- Solutions to the problem: Authorship Hypotheses -- The linguistic problem of the pastoral epistles reconsidered -- Approaching the problem: Methodological considerations -- Pauline vocabulary: New perspectives -- Pauline syntax: New perspectives. aSEG42 aSEG41 aSEG40 aSEG39 aP94 aP87 aP86 aP85 aP77 aP76 aP35 aBiblia.pEpístola de Pablox2 fast.04aReligiónxEstudios biblicosNuevo Testamento2 bisacsh04aEpístolas pastorales adbmbsagcsagd20190313 2ddccBOOK aC0bPEPRU a1 a227.066 V28wLCc31213i79990f2021-11-9g2lCCODEBUL1mBULp175.71r0sYtBOOKu2019-3-13xTEOLOGIAPP350COMPRAo.STAFF. Colección Teologíad31213 81gALBERTO SANCHEZ Responsable de Automatización r2025-12-03 00:00:00i3l0o227.066 V28p79990te1v180.71w2019-03-13xFTyBKzinventario-2023-12-13102ddc50708GENfP35aBULbBULcGENd2019-03-13eCOMPRAg175.71